01084nam a2200193 i 450000100060000000300090000600500170001500700030003200800410003524504230007626000600049930000300055961000560058970000380064570000370068385200320072099900170075295201210076993422ES-MaACL20250819081313.0t|050526q19301939sp ||||1| spa d00aLibro de oro del Partido Republicano Radical b: historia de la organización desde su iniciación en los partidos republicanos históricos hasta el 31 de diciembre de 1934, siendo en esta fecha Presidente de la República D. Niceto Alcalá-Zamora y Jefe del Gobierno D. Alejandro Lerroux / cdirector literario Antonio Marsá Bragado ... Promotor y uno de los redactores políticos... Bernardo Izcaray Calzada. aMadrid : b[s.n., c193-?] (fSucesores de Rivadeneyra) a572 p. : bil. ; c35 cm.24aPartido Republicano Federal (España. 1930) 961501 aIzcaray Calzada, Bernardo.9656871 aMarsá Bragado, Antonio.977099 aES-MaACLjF-15799 bR.20218 c93422d93422 00104070aATENEOMbATENEOMcSPP2d2008-01-17eSCl0oF-15799p1097548r2023-02-23 00:00:00w2023-02-23yMONOGRAFIA